Sports Quiz

Random Sports Quiz
Score 0/107 Timer 10:00
0 Plays Today
Year Player % Correct
2003Vladimir Guerrero
100%
2002Vladimir Guerrero
100%
2001Vladimir Guerrero
100%
1986Andre Dawson
100%
1985Andre Dawson
100%
2018Bryce Harper
95%
2006Jose Vidro
95%
2005Jose Vidro
95%
2004Jose Vidro
95%
1997Pedro Martinez
95%
1993Dennis Martinez
95%
1992Dennis Martinez
95%
1991Dennis Martinez
95%
1990Tim Raines
95%
1989Tim Raines
95%
1988Tim Raines
95%
1987Tim Raines
95%
1986Tim Raines
95%
1985Tim Raines
95%
2019Max Scherzer
90%
2018Max Scherzer
90%
2017Max Scherzer
90%
2016Max Scherzer
90%
2016Ryan Zimmerman
90%
2015Max Scherzer
90%
2014Ryan Zimmerman
90%
2013Ryan Zimmerman
90%
2012Ryan Zimmerman
90%
2011Ryan Zimmerman
90%
1994Larry Walker
90%
1993Larry Walker
90%
1992Tim Wallach
90%
1989Tim Wallach
90%
1988Tim Wallach
90%
1987Tim Wallach
90%
2019Stephen Strasburg
85%
Year Player % Correct
2018Stephen Strasburg
85%
2017Stephen Strasburg
85%
2019Anthony Rendon
80%
1996Moises Alou
80%
1995Moises Alou
80%
1994Marquis Grissom
80%
2017Jayson Werth
75%
2016Jayson Werth
75%
2015Jayson Werth
75%
2014Jayson Werth
75%
2013Jayson Werth
75%
2012Jayson Werth
75%
2011Jayson Werth
75%
2008Nick Johnson
70%
2000Rondell White
70%
1999Rondell White
70%
1998Rondell White
70%
1990Andres Galarraga
70%
2014Adam LaRoche
65%
2006Alfonso Soriano
65%
2015Jordan Zimmermann
55%
2010Adam Dunn
55%
2009Adam Dunn
55%
2008Chad Cordero
55%
2007Chad Cordero
55%
2006Livan Hernandez
55%
2005Livan Hernandez
55%
2004Livan Hernandez
55%
1994Ken Hill
55%
1993Ken Hill
55%
2004Orlando Cabrera
50%
2010Cristian Guzman
45%
2009Cristian Guzman
45%
2007Cristian Guzman
45%
2005Cristian Guzman
45%
2003Javier Vazquez
45%
Year Player % Correct
2002Javier Vazquez
45%
1998Carlos Perez
45%
1997Henry Rodriguez
45%
1996Jeff Fassero
45%
1995Jeff Fassero
45%
1985Jeff Reardon
45%
1996Mel Rojas
40%
1995Mel Rojas
40%
2003Fernando Tatis
35%
2002Fernando Tatis
35%
1997Mike Lansing
35%
1990Tim Burke
35%
2001Ugueth Urbina
30%
2001Lee Stevens
30%
2000Dustin Hermanson
30%
1999Ugueth Urbina
30%
1999Dustin Hermanson
30%
1998Ugueth Urbina
30%
1989Hubie Brooks
30%
1988Hubie Brooks
30%
1987Hubie Brooks
30%
1992Ivan Calderon
25%
1991Ivan Calderon
25%
2012Edwin Jackson
20%
2007Felipe Lopez
20%
2009Austin Kearns
15%
2008Austin Kearns
15%
2008Dmitri Young
15%
2000Hideki Irabu
15%
1991Oil Can Boyd
10%
1986Jason Thompson
10%
2013Dan Haren
5%
2011Jason Marquis
0%
2010Jason Marquis
0%
2008Paul Lo Duca
0%
Remove Ads.
Support Sporcle.
Get the best of Sporcle when you Go Orange. This ad-free experience offers more features, more stats, and more fun while also helping to support Sporcle. Thank you for becoming a member.

You're not logged in!

Compare scores with friends on all Sporcle quizzes.
OR
Log In

Sporcle TV

Today on Sporcle TV


Watch our educational content, quiz creation guides, and fun videos on Sporcle TV.

Show Comments

Extras

Top Quizzes Today


Score Distribution

Paid Content

Your Account Isn't Verified!

In order to create a playlist on Sporcle, you need to verify the email address you used during registration. Go to your Sporcle Settings to finish the process.

Report this User

Report this user for behavior that violates our Community Guidelines.

Details: